Undlovu uthola abengakwazi ngaye / (Record no. 788747)

MARC details
000 -LEADER
fixed length control field 00650nam a22002057b 4500
003 - CONTROL NUMBER IDENTIFIER
control field 3228
005 - DATE AND TIME OF LATEST TRANSACTION
control field 20251107123900.0
008 - FIXED-LENGTH DATA ELEMENTS--GENERAL INFORMATION
fixed length control field 251107b sa ||||| |||| 00| 0 eng d
020 ## - INTERNATIONAL STANDARD BOOK NUMBER
International Standard Book Number 9781990928963(paperback)
040 ## - CATALOGING SOURCE
Language of cataloging English
Transcribing agency 3228
Description conventions Resource Description and Access
041 ## - LANGUAGE CODE
Language code of text/sound track or separate title IsiZulu
082 #0 - DEWEY DECIMAL CLASSIFICATION NUMBER
Classification number ZUL KF NAID
100 ## - MAIN ENTRY--PERSONAL NAME
9 (RLIN) 197590
Personal name Naidoo, Ansu
245 ## - TITLE STATEMENT
Title Undlovu uthola abengakwazi ngaye /
Statement of responsibility, etc. Yvonne Malindi
260 ## - PUBLICATION, DISTRIBUTION, ETC.
Place of publication, distribution, etc. Centurion, Randjes Park :
Name of publisher, distributor, etc. Qualibooks publishing,
Date of publication, distribution, etc. 2022.
300 ## - PHYSICAL DESCRIPTION
Extent 12 pages :
Other physical details Illustrations, colour
Dimensions 21 cm
521 ## - TARGET AUDIENCE NOTE
Target audience note Kids
700 ## - ADDED ENTRY--PERSONAL NAME
9 (RLIN) 197591
Personal name Jesse Stols Pietersen
Relator term Illustrator
942 ## - ADDED ENTRY ELEMENTS
Source of classification or shelving scheme Dewey Decimal Classification
item type Book
Classification part ZUL KF NAID
-- 166
-- Thoko Moyakene
-- 166
-- Thoko Moyakene
Holdings
Withdrawn status Lost status Source of classification or shelving scheme Damaged status Not for loan Collection code Home library Current library Shelving location Date acquired Total Checkouts Full call number Barcode Date last seen Price effective from item type Public note
    Dewey Decimal Classification     Fiction Middelburg Regional Library Siyathuthuka PL (MMID-PLEMA-SIYA) Children's Area 23.04.2026   ZUL KF NAID 3228200083136 23.04.2026 23.04.2026 Book ZUL KF NAID
    Dewey Decimal Classification     Fiction KWAMHLANGA REGIONAL LIBRARY ZITHABISENI(BOEKENHOETHOEK) Children's Area 07.11.2025   ZUL KF NAID 33228031083769 07.11.2025 07.11.2025 Book